La Capilla del Relator o del Oidor de la Parroquia de Santa María la Mayor en la ciudad de Alcalá de Henares / (Record no. 38114)

MARC details
000 -LEADER
campo de control de longitud fija 01167nam a2200265 i 4500
001 - NÚMERO DE CONTROL
campo de control 38114
003 - IDENTIFICADOR DE NÚMERO DE CONTROL
campo de control ES-MaACL
005 - FECHA Y HORA DE LA ÚLTIMA TRANSACCIÓN
campo de control 20240224062530.0
007 - CAMPO FIJO DE DESCRIPCIÓN FÍSICA--INFORMACIÓN GENERAL
campo de control de longitud fija t|
008 - DATOS DE LONGITUD FIJA--INFORMACIÓN GENERAL
campo de control de longitud fija 030224s1905 sp ||||1| spa d
080 ## - NÚMERO DE LA CLASIFICACIÓN DECIMAL UNIVERSAL
Número de la Clasificación Decimal Universal 726.52(460.27 Alcalá)
080 ## - NÚMERO DE LA CLASIFICACIÓN DECIMAL UNIVERSAL
Número de la Clasificación Decimal Universal 929 Cervantes Saavedra, Miguel de
100 1# - ENTRADA PRINCIPAL--NOMBRE DE PERSONA
Nombre de persona Cabello y Lapiedra, Luis María.
9 (RLIN) 33183
245 13 - MENCIÓN DEL TÍTULO
Título La Capilla del Relator o del Oidor de la Parroquia de Santa María la Mayor en la ciudad de Alcalá de Henares /
Mención de responsabilidad, etc. Luis Mª Cabello y Lapiedra ; fototipias de Hauser y Menet ; fotograbados de A. Manjón.
260 ## - PUBLICACIÓN, DISTRIBUCIÓN, ETC.
Lugar de publicación, distribución, etc. Madrid :
Nombre del editor, distribuidor, etc. [s.n.],
Fecha de publicación, distribución, etc. 1905 (
Fabricante M. Romero)
300 ## - DESCRIPCIÓN FÍSICA
Extensión 36 p., [5] h. de lám. :
Otras características físicas il. ;
Dimensiones 27 cm.
594 ## - Nota al título y mención de responsabilidad
Nota al título y mención de responsabilidad Precede al tít.: España artística y monumental.
594 ## - Nota al título y mención de responsabilidad
Nota al título y mención de responsabilidad Miguel de Cervantes que fue bautizado en esta parroquia el 9 de octubre de 1547,.
600 14 - PUNTO DE ACCESO ADICIONAL DE MATERIA--NOMBRE DE PERSONA
Nombre de persona Cervantes Saavedra, Miguel de,
Fechas asociadas al nombre 1547-1616
9 (RLIN) 226514
610 24 - PUNTO DE ACCESO ADICIONAL DE MATERIA--NOMBRE DE ENTIDAD CORPORATIVA
Nombre de entidad corporativa o nombre de jurisdicción como elemento de entrada Parroquia de Santa María la Mayor (Alcalá de Henares)
9 (RLIN) 144543
700 1# - ENTRADA AGREGADA--NOMBRE PERSONAL
Nombre de persona Manjón, A.
9 (RLIN) 144544
710 2# - ENTRADA AGREGADA--NOMBRE DE ENTIDAD CORPORATIVA
Nombre de entidad corporativa o nombre de jurisdicción como elemento de entrada Hauser y Menet (Madrid)
9 (RLIN) 4558
852 ## - LOCALIZACIÓN
Ubicación ES-MaACL
Número de control de estantería T-1030-F-9
Nota libre - Dedicatoria autógrafa del autor
Holdings
Estatus retirado Estado de pérdida Estado de daño No para préstamo Colección Biblioteca de origen Biblioteca actual Ubicación en estantería Fecha de adquisición Fuente de adquisición Total de préstamos Signatura topográfica completa Código de barras Visto por última vez Precio de reemplazo Tipo de ítem Koha
        Colección de folletos Biblioteca del Ateneo de Madrid Biblioteca del Ateneo de Madrid Depósito folletos 17/01/2008     T-1030-F-9 1040125 23/02/2023 23/02/2023 Folleto